|
|
|
|
| LEADER |
01607cas a2200241 a 4500 |
| 001 |
AALejournalIMF001793 |
| 008 |
230101c9999 xx r poo 0 0eng d |
| 020 |
|
|
|c 5.00 USD
|
| 020 |
|
|
|z 9781451813227
|
| 022 |
|
|
|a 1934-7685
|
| 040 |
|
|
|a BD-DhAAL
|c BD-DhAAL
|
| 110 |
2 |
|
|a International Monetary Fund.
|
| 245 |
1 |
0 |
|a Finland :
|b Selected Issues.
|
| 264 |
|
1 |
|a Washington, D.C. :
|b International Monetary Fund,
|c 2001.
|
| 300 |
|
|
|a 1 online resource (47 pages)
|
| 490 |
1 |
|
|a IMF Staff Country Reports
|
| 500 |
|
|
|a <strong>Off-Campus Access:</strong> No User ID or Password Required
|
| 500 |
|
|
|a <strong>On-Campus Access:</strong> No User ID or Password Required
|
| 506 |
|
|
|a Electronic access restricted to authorized BRAC University faculty, staff and students
|
| 520 |
3 |
|
|a Finland has undergone a fundamental structural shift from a resource-based to a knowledge-based economy. The productivity surge in the dynamic information and communications technology sector fueled a strong export-driven recovery. However, the optimism of the past year has dissipated, as the global slowdown takes its toll especially on the high-tech sector, including international market leaders such as Nokia. This paper assesses the services sector and its potential for employment creation, in particular in the area of personal services and other services with low skill requirements.
|
| 538 |
|
|
|a Mode of access: Internet
|
| 830 |
|
0 |
|a IMF Staff Country Reports; Country Report ;
|v No. 2001/215
|
| 856 |
4 |
0 |
|z Full text available on IMF
|u http://elibrary.imf.org/view/journals/002/2001/215/002.2001.issue-215-en.xml
|z IMF e-Library
|